LEADER 00769nam0-2200265 --450 001 9910857099503321 005 20240605113716.0 100 $a20240605d1958----kmuy0itay5050 ba 101 0 $aeng 102 $aGB 105 $aa 001yy 200 1 $aChemistry of the steroids$fCharles W. Shoppee 210 $aLondon$cButterworths Scientific Publications$dİ1958 215 $aVII, 314 p.$cill.$d22 cm 225 1 $aOrganic chemistry monographs 610 0 $aChimica organica 676 $a547.73$v20$zita 700 1$aShoppee,$bCharles W.$01738767 801 0$aIT$bUNINA$gREICAT$2UNIMARC 901 $aBK 912 $a9910857099503321 952 $aA MIC 1823$b8625/2024$fFAGBC 959 $aFAGBC 996 $aChemistry of the steroids$94161613 997 $aUNINA